Strategy for tomorrow / (Record no. 186031)
[ view plain ]
| 000 -LEADER | |
|---|---|
| fixed length control field | 00804 a2200193 4500 |
| 003 - CONTROL NUMBER IDENTIFIER | |
| control field | Nust |
| 005 - DATE AND TIME OF LATEST TRANSACTION | |
| control field | 20230308120420.0 |
| 010 ## - LIBRARY OF CONGRESS CONTROL NUMBER | |
| LC control number | 75324561 |
| 020 ## - INTERNATIONAL STANDARD BOOK NUMBER | |
| International Standard Book Number | 0356081575 : |
| 040 ## - CATALOGING SOURCE | |
| Transcribing agency | Nust |
| 082 00 - DEWEY DECIMAL CLASSIFICATION NUMBER | |
| Classification number | 355.4,BEA |
| 100 1# - MAIN ENTRY--PERSONAL NAME | |
| Personal name | Beaufre, Ander |
| 9 (RLIN) | 109997 |
| 245 10 - TITLE STATEMENT | |
| Title | Strategy for tomorrow / |
| Statement of responsibility, etc. | Andre Beaufre |
| 260 ## - PUBLICATION, DISTRIBUTION, ETC. | |
| Place of publication, distribution, etc. | London : |
| Name of publisher, distributor, etc. | Macdonald and Jane's [for the Strategic Studies Center] Stanford Research Institute, |
| Date of publication, distribution, etc. | 1974. |
| 300 ## - PHYSICAL DESCRIPTION | |
| Extent | xi, 91 p. : |
| Other physical details | ill. ; |
| Dimensions | 24 cm. |
| 505 ## - FORMATTED CONTENTS NOTE | |
| Formatted contents note | An Inventory of the Problems of modern Warfare (Page-1), The Level of strategic Nuclear Discussion (Page-13), The Level of Conventional Warfare (Page-25), The level of Tactical Nuclear Deterrence (Page-43), Reflections on the Navy (Page-59), General Conclusions (Page-67). |
| 650 #0 - SUBJECT ADDED ENTRY--TOPICAL TERM | |
| Topical term or geographic name entry element | Strategy. |
| 942 ## - ADDED ENTRY ELEMENTS (KOHA) | |
| Source of classification or shelving scheme | |
| Koha item type | Book |
| Withdrawn status | Lost status | Source of classification or shelving scheme | Damaged status | Not for loan | Collection code | Permanent Location | Current Location | Date acquired | Total Checkouts | Full call number | Barcode | Date last seen | Price effective from | Koha item type | Shelving location | Public note |
|---|---|---|---|---|---|---|---|---|---|---|---|---|---|---|---|---|
| Military College of Signals (MCS) | Military College of Signals (MCS) | 12/12/2016 | 355.4 BEA | MCS21543 | 12/08/2016 | 12/12/2016 | Book | |||||||||
| Military College of Signals (MCS) | Military College of Signals (MCS) | 12/12/2016 | 355.4,BEA | MCS21544 | 12/08/2016 | 12/12/2016 | Book | General Stacks | Almirah No.74, Shelf No.2 | |||||||
| Military College of Signals (MCS) | Military College of Signals (MCS) | 03/08/2023 | 355.4,BEA | MCS5987 | 03/08/2023 | 03/08/2023 | Book | General Stacks | Almirah No.74, Shelf No.2 |
